Contribution of Baba Sharafuddin in Building Religious Harmony (Record no. 21218)
[ view plain ]
| 000 -LEADER | |
|---|---|
| fixed length control field | 00332nam a22001217a 4500 |
| 082 ## - DEWEY DECIMAL CLASSIFICATION NUMBER | |
| Classification number | 297.4 BON |
| 100 ## - MAIN ENTRY--AUTHOR NAME | |
| Author name | Bonigala, Gnana Manohar |
| 245 ## - TITLE STATEMENT | |
| Title | Contribution of Baba Sharafuddin in Building Religious Harmony |
| 260 ## - PUBLICATION, DISTRIBUTION, ETC. (IMPRINT) | |
| Place of publication | Hyderabad |
| Name of publisher | Henry Martyn Institute |
| 300 ## - PHYSICAL DESCRIPTION | |
| Number of Pages | 88 |
| 650 ## - SUBJECT ADDED ENTRY--TOPICAL TERM | |
| Topical Term | Sufism-Saints-Sharafuddin |
| 942 ## - ADDED ENTRY ELEMENTS (KOHA) | |
| Koha item type | Thesis |
| Home library | Current library | Shelving location | Date acquired | Source of acquisition | Cost, normal purchase price | Full call number | Accession Number | Koha item type |
|---|---|---|---|---|---|---|---|---|
| Henry Martyn Institute Library | Henry Martyn Institute Library | General stacks | 07/18/2018 | Bonigala Gnana Manohar (M.Th. student 2018) | 200.00 | 297.4 BON | 11-3685 | Thesis |
